LEADER 04474nam 22008055 450 001 9910479936003321 005 20210713030903.0 010 $a0-8232-7790-9 010 $a0-8232-8049-7 010 $a0-8232-7789-5 024 7 $a10.1515/9780823277902 035 $a(CKB)4340000000210936 035 $a(MiAaPQ)EBC5116532 035 $a(OCoLC)1013829143 035 $a(MdBmJHUP)muse61326 035 $a(DE-B1597)555141 035 $a(DE-B1597)9780823277902 035 $a(OCoLC)1178769414 035 $a(EXLCZ)994340000000210936 100 $a20200723h20172017 fg 0 101 0 $aeng 135 $aurcnu|||||||| 181 $2rdacontent 182 $2rdamedia 183 $2rdacarrier 200 04$aThe Global South Atlantic /$fKerry Bystrom, Joseph R. Slaughter 210 1$aNew York, NY :$cFordham University Press,$d[2017] 210 4$d©2017 215 $a1 online resource (264 pages) 311 0 $a0-8232-7788-7 311 0 $a0-8232-7787-9 320 $aIncludes bibliographical references and index. 327 $tFront matter --$tcontents --$tintroduction. The Sea of International Politics --$tThe African Slave Trade and the Construction of the Iberian Atlantic --$tA World Girded --$tScheherazade in Chains --$tSouthern by Degrees --$tBeyond the Color Curtain --$tSouth Africa, Chile, and the Cold War --$tIslands in Distress --$tOrientalism and the Narration of Violence in the Mediterranean Atlantic --$tMarvelous Autocrats --$tPostwar Politics in O Herói and Kangamba --$tAdrift Between Neoliberalism and the Revolution --$tA Sweet Sweet Tale of Terror --$tCarioca Orientalism --$tacknowledgments --$tWorks Cited --$tcontributors --$tindex 330 $aNot only were more African slaves transported to South America than to North, but overlapping imperialisms and shared resistance to them have linked Africa, Latin America, and the Caribbean for over five centuries. Yet despite the rise in transatlantic, oceanic, hemispheric, and regional studies, and even the growing interest in South-South connections, the South Atlantic has not yet emerged as a site that captures the attention it deserves. The Global South Atlantic traces literary exchanges and interlaced networks of communication and investment?financial, political, socio-cultural, libidinal?across and around the southern ocean. Bringing together scholars working in a range of languages, from Spanish to Arabic, the book shows the range of ways people, governments, political movements, social imaginaries, cultural artefacts, goods, and markets cross the South Atlantic, or sometimes fail to cross. As a region made up of multiple intersecting regions, and as a vision made up of complementary and competing visions, the South Atlantic can only be understood comparatively. Exploring the Atlantic as an effect of structures of power and knowledge that issue from the Global South as much as from Europe and North America, The Global South Atlantic helps to rebalance global literary studies by making visible a multi-textured South Atlantic system that is neither singular nor stable. 606 $aGeopolitics$zSouth Atlantic Ocean 608 $aElectronic books. 610 $aAfrica. 610 $aCaribbean. 610 $aGlobal South. 610 $aLatin America. 610 $aOceanic Studies. 610 $aPostcolonial Studies. 610 $aSouth Atlantic. 610 $aSouth-South. 610 $aTransatlantic. 610 $aWorld Systems. 610 $acomparative literature. 615 0$aGeopolitics 676 $a916.3/5 701 $aAlencastro$b Luis Felipe$01047180 701 $aArmillas-Tiseyra$b Magalí$01047181 701 $aBystrom$b Kerry$01047182 701 $aCivantos$b Christina$01047183 701 $aFrydman$b Jason$01047184 701 $aHanneken$b Jaime$01047185 701 $aHassan$b Waïl$01047186 701 $aHemer$b Oscar$0963838 701 $aHofmeyr$b Isabel$0657286 701 $aHorn$b Maja$0896340 701 $aMadureira$b Luis$01047187 701 $aMahler$b Anne-Garland$01047188 701 $aMillar$b Lanie$01047189 702 $aBystrom$b Kerry$4edt$4http://id.loc.gov/vocabulary/relators/edt 702 $aSlaughter$b Joseph R.$4edt$4http://id.loc.gov/vocabulary/relators/edt 801 0$bDE-B1597 801 1$bDE-B1597 906 $aBOOK 912 $a9910479936003321 996 $aThe Global South Atlantic$92474610 997 $aUNINA LEADER 05450nam 22006731 450 001 9910974138303321 005 20251116214550.0 010 $a1-280-37310-5 010 $a9781845690621 010 $a9786610373109 010 $a1-84569-062-1 035 $a(CKB)1000000000453856 035 $a(EBL)1639989 035 $a(SSID)ssj0000127398 035 $a(PQKBManifestationID)11133904 035 $a(PQKBTitleCode)TC0000127398 035 $a(PQKBWorkID)10051601 035 $a(PQKB)10907929 035 $a(Au-PeEL)EBL1639989 035 $a(CaPaEBR)ebr10813560 035 $a(CaONFJC)MIL37310 035 $a(OCoLC)871225161 035 $a(MiAaPQ)EBC1639989 035 $a(EXLCZ)991000000000453856 100 $a20050527d2004 uy 0 101 0 $aeng 135 $aur|n|---||||| 181 $ctxt 182 $cc 183 $acr 200 10$aComposites technologies for 2020 $eproceedings of the Fourth Asian-Australasian Conference on Composite Materials (ACCM-4) : University of Sydney, Australia, 6-9 July 2004 /$fedited by L. Ye, Y.-W. Mai and Z. Su 205 $a1st ed. 210 1$aCambridge :$cWoodhead,$d2004. 215 $a1 online resource (1121 p.) 300 $aDescription based upon print version of record. 311 08$a1-85573-831-7 320 $aIncludes bibliographical references and index. 327 $aFront Cover; Composites Technologies for 2020; Copyright Page; Table of Contents; Preface; Conference Organisation; ACCM-4 Sponsors; Part I: Bio/Eco-Composites; Chapter 1. All-Plant Fiber Composites; ABSTRACT; INTRODUCTION; EXPERIMENTAL; RESULTS AND DISCUSSION; CONCLUSIONS; ACKNOWLEDGMENT; REFERENCES; Chapter 2. Compression Molding and Mechanical Properties of Composite Materials from Post Consumer Type Fiber Waste; ABSTRACT; INTRODUCTION; PRE-MOLDING OF FELT; COMPRESSION MOLDING METHOD AND MECHANICAL TESTS; RESULTS AND DISCUSSION; CONCLUSIONS 327 $aChapter 3. Various Lignocellulosics Fibre Reinforced Polyester Composites: The Study on Mechanical, Physical and Biological PropertiesABSTRACT; INTRODUCTION; EXPERIMENTAL; RESULTS AND DISCUSSION; CONCLUSIONS; ACKNOWLEDGMENTS; REFERENCES; Chapter 4. Development of Eco-Cement Containing High Volumes of Waste Glass; ABSTRACT; INTRODUCTION; RESEARCH SIGNIFICANCE; EXPERIMENTAL PROGRAM; TEST RESULTS; CONCLUSIONS; ACKNOWLEDGEMENT; REFERENCES; Chapter 5. Screwless Extrusion of Natural Fibre-Reinforced Thermoplastic Composites; ABSTRACT; INTRODUCTION; MATERIALS; ELASTIC MELT EXTRUDER 327 $aEXTRUSION OF COMPOSITESPRODUCTION OF COMPOSITE SPECIMENS; TESTING OF COMPOSITE SPECIMENS; SUMMARY; REFERENCES; Chapter 6. Mechanical Properties of ""Green"" Composites Made from Starch-Based Biodegradable Resin and Bamboo Powder; ABSTRACT; INTRODUCTION; EXPERIMENTAL METHODS; EXPERIMENTAL RESULTS AND DISCUSSIONS; CONCLUSIONS; REFERENCES; Part II: Characterisation; Chapter 7. Effect of Fibre-Orientation on Mechanical Properties of Polypropylene Composites; ABSTRACT; INTRODUCTION; EXPERIMENTAL; RESULT AND DISCUSSION; CREEP BEHAVIOUR; CONCLUSION; ACKNOWLEDGEMENTS; REFERENCES 327 $aChapter 8. Friction and Wear Properties of Potassium Titanate Whiskers Reinforced PTFE CompositesABSTRACT; INTRODUCTION; EXPERIMENTAL; RESULTS AND DISCUSSION; CONCLUSIONS; ACKNOWLEDGMENTS; REFERENCES; Chapter 9. Study on Jute Fiber Reinforced Polypropylene (PP) Composite; ABSTRACT; INTRODUCTION; EXPERIMENTAL; RESULTS AND DISCUSSIONS; CONCLUSIONS; REFERENCES; Chapter 10. Mechanical and Thermal Properties of Composites of Epoxy Resin Derived from Kraft Lignin Filled with Cellulose Particles; ABSTRACT; INTRODUCTION; EXPERIMENTAL; RESULTS AND DISCUSSION; CONCLUSIONS; REFERENCES 327 $aChapter 11. Effects of Microcracks and Surface Roughness on Thermal Oxidation of Carbon-Fiber Reinforced Polyimide CompositeABSTRACT; INTRODUCTION; THEORETICAL DEVELOPMENT; EXPERIMENTS; RESULTS AND DISCUSSIONS; CONCLUSIONS; REFERENCES; Chapter 12. Effects of Fillers on the Tensile Properties of Polyimide Composite Films at Room and Cryogenic Temperatures; ABSTRACT; INTRODUCTION; EXPERIMENTAL WORK; RESULTS AND DISCUSSION; CONCLUSIONS; ACKNOWLEDGEMENTS; REFERENCES; Chapter 13. Processing Effects on Electrical Conductivity and Mechanical Properties of Particulate Composite; ABSTRACT 327 $aINTRODUCTION 330 $aThe Asian-Australasian Association for Composite Materials (AACM) has been playing a leading role in the field of composite science and technology since its inception in 1997. AACM aims to encourage the interchange of knowledge in all aspects of composite materials both in the scientific and engineering communities. Following the success of the first three ACCM conferences ACCM 4 was held in Sydney, Australia, in July 2004. Composite technologies for 2020 provides current state-of-the-art achievements and recent advances in composite science and technologies bringing together leading experts a 606 $aComposite materials$vCongresses 606 $aMaterials$vCongresses 615 0$aComposite materials 615 0$aMaterials 676 $a620.118 701 $aMai$b Y. W.$f1946-$01207435 701 $aSu$b Z$g(Zhongbo)$01865105 701 $aYe$b L$g(Lin),$f1962-$01220413 801 0$bMiAaPQ 801 1$bMiAaPQ 801 2$bMiAaPQ 906 $aBOOK 912 $a9910974138303321 996 $aComposites technologies for 2020$94472134 997 $aUNINA